| 000 | 00488nam a2200205Ia 4500 | ||
|---|---|---|---|
| 008 | 170918s9999 xx 000 0 und d | ||
| 020 | _a9780060239596 | ||
| 050 | _bL797 1972 | ||
| 100 | _aLobel, Arnold | ||
| 245 | _aFrog and toad together / | ||
| 245 | _cArnold Lobel. | ||
| 260 | _aNew York : | ||
| 260 | _bScholastic, | ||
| 260 | _c1972 | ||
| 300 | _a64 pages : | ||
| 300 | _bcolored illustration ; | ||
| 300 | _c23cm. | ||
| 440 | _aReading with help 2. | ||
| 500 | _a330 | ||
| 999 |
_c341003 _d341003 |
||